La lengua guaraní como documento histórico (Record no. 32751)

MARC details
000 -LEADER
campo de control de longitud fija 00928nam a2200253 i 4500
001 - NÚMERO DE CONTROL
campo de control 32751
003 - IDENTIFICADOR DE NÚMERO DE CONTROL
campo de control ES-MaACL
005 - FECHA Y HORA DE LA ÚLTIMA TRANSACCIÓN
campo de control 20250726064521.0
007 - CAMPO FIJO DE DESCRIPCIÓN FÍSICA--INFORMACIÓN GENERAL
campo de control de longitud fija t|
008 - DATOS DE LONGITUD FIJA--INFORMACIÓN GENERAL
campo de control de longitud fija 030131s1920 py |||| | spa d
080 ## - NÚMERO DE LA CLASIFICACIÓN DECIMAL UNIVERSAL
Número de la Clasificación Decimal Universal 811.873.241
080 ## - NÚMERO DE LA CLASIFICACIÓN DECIMAL UNIVERSAL
Número de la Clasificación Decimal Universal 94(=873.241)
100 1# - ENTRADA PRINCIPAL--NOMBRE DE PERSONA
Nombre de persona Bertoni, Moisés S.
9 (RLIN) 28487
245 13 - MENCIÓN DEL TÍTULO
Título La lengua guaraní como documento histórico
Resto del título : estructura, fijeza, inalterabilidad : consecuencias para la etimología /
Mención de responsabilidad, etc. Moisés S. Bertoni (Helvetius).
260 ## - PUBLICACIÓN, DISTRIBUCIÓN, ETC.
Lugar de publicación, distribución, etc. Puerto Bertoni :
Nombre del editor, distribuidor, etc. Ex Sylvis,
Fecha de publicación, distribución, etc. 1920.
300 ## - DESCRIPCIÓN FÍSICA
Extensión P. 435-582 ;
Dimensiones 23 cm.
490 1# - MENCIÓN DE SERIE
Mención de serie Anales científicos paraguayos.
-- Serie II ;
Designación de volumen o secuencia 6
546 ## - NOTA DE IDIOMA
Nota de lengua/lenguaje Textos en español, francés y guaraní.
650 #7 - PUNTO DE ACCESO ADICIONAL DE MATERIA--TÉRMINO DE MATERIA
Término de materia o nombre geográfico como elemento de entrada Lengua guaraní
Fuente del encabezamiento o término embne
9 (RLIN) 162833
650 #7 - PUNTO DE ACCESO ADICIONAL DE MATERIA--TÉRMINO DE MATERIA
Término de materia o nombre geográfico como elemento de entrada Guaraníes (Indios)
Fuente del encabezamiento o término embne
9 (RLIN) 162832
830 0# - PUNTO DE ACCESO ADICIONAL DE SERIE-TÍTULO UNIFORME
Título uniforme Anales científicos paraguayos.
-- Serie II ;
Designación de volumen o secuencia 6
9 (RLIN) 229430
852 ## - LOCALIZACIÓN
Ubicación ES-MaACL
Número de control de estantería 1664-F-3
Holdings
Estatus retirado Estado de pérdida Estado de daño No para préstamo Colección Biblioteca de origen Biblioteca actual Ubicación en estantería Fecha de adquisición Fuente de adquisición Total de préstamos Signatura topográfica completa Código de barras Visto por última vez Precio de reemplazo Tipo de ítem Koha
        Colección de folletos Biblioteca del Ateneo de Madrid Biblioteca del Ateneo de Madrid Depósito folletos 17/01/2008     1664-F-3 1033978 23/02/2023 23/02/2023 Folleto